Critical thinking : an introduction /

Guardado en:
Autor Principal: Fisher, Alec.
Formato: Libro
Idioma:English
Publicado: Cambridge, U.K. ; New York : Cambridge University Press, 2001.
Materias:
Acceso en línea:Tabla de contenidos
Etiquetas: Agregar Etiqueta
Sin Etiquetas, Sea el primero en etiquetar este registro!
LEADER 00797nam a22002175a 4500
001 EEA.libagro008142
005 20171226095016.0
008 130809s2001####nyu######b####000#0#eng#d
020 |a 0521009847 
082 0 4 |a 160 
100 1 |a Fisher, Alec. 
245 1 0 |a Critical thinking :  |b an introduction /  |c Alec Fisher. 
260 |a Cambridge, U.K. ;  |a New York :  |b Cambridge University Press,  |c 2001. 
300 |a 249 p. ;  |c 25 cm. 
504 |a Incluye referencias bibliográficas (p. [243]-244) e índice. 
650 7 |a Filosofía  |2 unbist 
650 7 |a Pensamiento  |2 unbist 
650 7 |a Toma de decisiones  |2 unbist 
650 7 |a Solución de problemas  |2 unbist 
856 |u http://catdir.loc.gov/catdir/samples/cam031/2002265188.pdf  |3 Tabla de contenidos 
859 |a AR-BbBCA  |b BIB. AGRONOMIA  |h 160  |i F533  |p 2009/5531